000
00210 a2200097 4500
001
30262
100
_a
Ludwig, Emil
245
_a
Cleopatra
260
_a
London
_b
George Allen & Unwin
_c
090
_c
20205
_d
20205
942
_a
NUST-CAE
_c
M
_c
11343
999
_c
265335
_d
265335